000 00880cam a2200301 a 4500
001 198946
003 OSt
005 20180828182539.0
008 981210s1998 ug b 001 0 eng
010 _a 98982640
020 _a9970021338
035 _a(DLC) 98982640
040 _aDLC
_cDLC
_dDLC
042 _alcode
043 _af------
050 0 0 _aBJ1188
_b.K37 1998
082 0 0 _a170 KAS 1998
_221
100 1 _aKasenene, Peter.
_95020
245 1 0 _aReligious Ethics in Africa
260 _aKampala;
_bFountain Publishers,
_c1998.
300 _aiv, 110 p. ;
_c21 cm.
504 _aIncludes bibliographical references (p. 106-107) and index.
650 0 0 _aEthics
_95021
650 0 _aReligious ethics
_95022
906 _a7
_bcbc
_corigode
_d3
_encip
_f19
_gy-gencatlg
942 _2z
_cSLOAN
999 _c1909
_d1909